000 00568nam a2200217 a 4500
999 _c4015
_d4015
001 4015
003 BD-JhCC
005 20200326134008.0
008 171121s19511964e a|||| ||a| 000 0 eng d
035 _a(BD-JhCC)4015
040 _aBD-JhCC
_dBD-JhCC
041 _aeng
082 _a833.914
_bDOY 1964
100 _aDoyle, Arthur Conan
245 _aThe Hound of The Baskervilles /
_cArthur Conan Doyle,
260 _aLondon :
_bOxford University Press,
_c1964
300 _a130 p. :
_c18 cm.
650 _aEnglish Stories
942 _2ddc
_cBK
_02